[Event "Let's Play Chess!"]
[Site "http://www.queenalice.com/game.php?id=836018"]
[Date "2010.9.22"]
[Round "-"]
[White "mapecole"]
[Black "mike52"]
[Result "0-1"]
[WhiteElo "1344"]
[BlackElo "1454"]

1. e4 a6 2. Bd3 d5 3. exd5 Qxd5 4. f3 Bf5 5. c4 Qxd3 6. b3 Qd4 7. Nc3 Bd3 8. Nd5
Qe5+ 9. Ne2 Bxe2 10. Qxe2 Qxa1 11. Nxc7+ Kd8 12. Nxa8 Qxc1+ 13. Qd1 Qxd1+ 14.
Kxd1 Nf6 15. d4 e6 16. Nb6 Be7 17. d5 exd5 18. cxd5 Nbd7 19. Nc4 Nxd5 20. Kc2
Nb4+ 21. Kb2 Nd3+ 22. Kc3 Nf4 23. h4 Nxg2 24. Rg1 Nxh4 25. Rxg7 Bf6+ 0-1

[Event "Let's Play Chess!"]
[Site "http://www.queenalice.com/game.php?id=837705"]
[Date "2010.9.25"]
[Round "-"]
[White "mapecole"]
[Black "iliov2008"]
[Result "1-0"]
[WhiteElo "1316"]
[BlackElo "1542"]

1. e4 e5 2. c4 Nc6 3. d3 Nf6 4. Nc3 Nd4 5. Be3 Bb4 6. Qa4 Ng4 7. a3 Nxe3 8. fxe3
Qh4+ 9. g3 Qg5 10. exd4 Qe3+ 11. Ne2 Be7 12. Nb5 Kd8 13. dxe5 c6 14. Nd6 Bxd6
15. exd6 Qxd3 16. Nc3 Qe3+ 17. Be2 b6 18. Rf1 Bb7 19. c5 Qxc5 20. Rd1 g6 21.
Rxf7 Ke8 22. Re7+ Kf8 23. Rxd7 Rb8 24. Rd3 Qg1+ 25. Kd2 Qxh2 26. Rf3+ Ke8 27.
Re7+ Kd8 28. Ke3 Qg1+ 29. Kd3 Qc5 30. Qd4 Qg5 31. Qxh8# 1-0

[Event "Let's Play Chess!"]
[Site "http://www.queenalice.com/game.php?id=837706"]
[Date "2010.9.25"]
[Round "-"]
[White "Nikita"]
[Black "mapecole"]
[Result "1-0"]
[WhiteElo "1455"]
[BlackElo "1327"]

1. e4 e5 2. Bc4 Qg5 3. Qf3 f6 4. d4 Qxc1+ 5. Ke2 Qxc2+ 6. Nd2 Qxb2 7. Nh3 Bb4 8.
Rad1 exd4 9. Nf4 Ba5 10. Nd3 Qb6 11. Rb1 Qe6 12. Bxe6 dxe6 13. Nc4 Bc3 14. e5 c5
15. Nd6+ Kd8 16. Nf7+ Ke7 17. Nxh8 f5 18. Nxc5 Kd8 19. Nxb7+ Kc7 20. Rhd1 Nc6
21. Nc5 Nh6 22. g3 Nxe5 23. Qh5 g6 24. Qh4 Nef7 25. Qe7+ Kc6 26. Nxf7 Ng4 27.
Nd8+ Kd5 28. Ncb7 e5 29. Qc5+ Ke4 30. f3# 1-0

[Event "Let's Play Chess!"]
[Site "http://www.queenalice.com/game.php?id=837707"]
[Date "2010.9.25"]
[Round "-"]
[White "mapecole"]
[Black "a_pawn"]
[Result "0-1"]
[WhiteElo "1355"]
[BlackElo "1598"]

1. e4 f5 2. exf5 Nf6 3. f3 d5 4. d4 Bxf5 5. Nc3 a6 6. Bf4 e6 7. Qe2 Qd7 8. O-O-O
Nc6 9. g4 Bg6 10. g5 Nh5 11. Nh3 Bd6 12. Bxd6 Qxd6 13. Na4 Nb4 14. Nc5 Bxc2 15.
Rd2 Bf5 16. Nxb7 Qc6+ 17. Nc5 O-O 18. f4 Qd6 19. Qxh5 Nxa2+ 20. Kd1 a5 21. b3
Bxh3 22. Bxh3 Qxf4 23. Nxe6 Qe4 24. Re1 Nc3+ 25. Kc1 Qb1# 0-1

[Event "Let's Play Chess!"]
[Site "http://www.queenalice.com/game.php?id=839915"]
[Date "2010.9.30"]
[Round "-"]
[White "carlosufpe"]
[Black "mapecole"]
[Result "1-0"]
[WhiteElo "1605"]
[BlackElo "1332"]

1. e4 e5 2. Nf3 d6 3. d4 Bg4 4. Be2 Bxf3 5. Bxf3 Nc6 6. d5 Nd4 7. Bg4 g6 8. Be3
Nb5 9. c4 Nf6 10. Qf3 c5 11. cxb5 a6 12. bxa6 Rxa6 13. Bg5 Qa5+ 14. Nc3 Qb4 15.
Rb1 Rxa2 16. O-O Ra6 17. Qxf6 Rg8 18. Qd8# 1-0

[Event "Let's Play Chess!"]
[Site "http://www.queenalice.com/game.php?id=839916"]
[Date "2010.9.30"]
[Round "-"]
[White "mapecole"]
[Black "carlosufpe"]
[Result "0-1"]
[WhiteElo "1341"]
[BlackElo "1609"]

1. e4 e5 2. Bc4 Nc6 3. Nf3 h6 4. c3 Nf6 5. Qb3 Qe7 6. O-O Na5 7. Qa4 Nxc4 8.
Qxc4 c6 9. d4 d5 10. exd5 cxd5 11. Qb5+ Qd7 12. Qxd7+ Bxd7 13. Nxe5 Be6 14. Nd2
Nd7 15. Nxd7 Kxd7 16. b4 Bd6 17. f4 Bf5 18. c4 dxc4 19. Ba3 Rhc8 20. d5 a5 21.
Bb2 axb4 22. Bxg7 Bf8 23. Be5 h5 24. Rac1 c3 25. Nf3 Bd6 26. Nd4 Bh7 27. Nb5
Bxe5 28. fxe5 Rf8 29. Rce1 Bd3 30. e6+ fxe6 31. dxe6+ Ke7 32. Nc7 Rxf1+ 33. Rxf1
Bxf1 34. Nxa8 Bc4 35. Nb6 Bxe6 36. h3 c2 37. g4 hxg4 38. h4 c1=Q+ 39. Kg2 Qc6+
0-1

[Event "leking"]
[Site "http://www.queenalice.com/game.php?id=843131"]
[Date "2010.10.8"]
[Round "-"]
[White "leking"]
[Black "mapecole"]
[Result "1-0"]
[WhiteElo "1638"]
[BlackElo "1360"]

1. e4 e5 2. Nf3 d6 3. d4 Bg4 4. Be2 Bxf3 5. Bxf3 Nc6 6. d5 Nd4 7. Be3 Nxf3+ 8.
Qxf3 f6 9. Nd2 Qd7 10. O-O O-O-O 11. c4 Qa4 12. b3 Qa3 13. Nb1 Qb2 14. Nd2 g6
15. Rfb1 Qc3 16. Nf1 f5 17. exf5 gxf5 18. Qxf5+ Kb8 19. Bd2 Qd4 20. Rd1 Be7 21.
Bg5 c5 22. Rxd4 cxd4 23. Bxe7 Nxe7 24. Qh3 e4 25. Qh4 Ng6 26. Qxe4 Rhf8 27. Qxd4
Ne5 28. Re1 Rde8 29. Qc3 h5 30. h3 Rf5 31. Ne3 Rf4 32. Kf1 h4 33. Qd2 Rg8 34.
Ng4 Rfxg4 35. hxg4 Nxg4 36. Re4 Nh2+ 37. Kg1 Ng4 38. f3 Ne5 39. Rf4 h3 40. Rg4
Nxf3+ 41. gxf3 Rh8 42. Kh2 1-0

[Event "Challenge"]
[Site "http://www.queenalice.com/game.php?id=843356"]
[Date "2010.10.8"]
[Round "-"]
[White "pedroingles"]
[Black "mapecole"]
[Result "1-0"]
[WhiteElo "1867"]
[BlackElo "1347"]

1. d4 c6 2. e4 d5 3. Nc3 g6 4. e5 Bf5 5. Bd3 Bxd3 6. Qxd3 e6 7. Be3 f5 8. O-O-O
Bb4 9. Nf3 Nd7 10. Ng5 Qe7 11. Ne2 Nh6 12. Nxe6 Qxe6 13. Bxh6 g5 14. Bxg5 c5 15.
dxc5 O-O 16. Bh6 Qxh6+ 17. f4 Nxc5 18. Qb5 a5 19. Rxd5 Ne4 20. Qxb7 Rab8 21. Qa7
Qh4 22. Qa6 Rfd8 23. Qc4 Bd2+ 24. Rxd2+ Kg7 25. Rxd8 Qxd8 26. Rd1 Nf2 27. Rxd8
Rxd8 28. Nd4 h5 29. Qc7+ Kg6 30. Qxd8 h4 31. Qxh4 Ng4 32. Qg5+ Kf7 33. Qxf5+ 1-0

[Event "Challenge"]
[Site "http://www.queenalice.com/game.php?id=843357"]
[Date "2010.10.8"]
[Round "-"]
[White "mapecole"]
[Black "pedroingles"]
[Result "0-1"]
[WhiteElo "1349"]
[BlackElo "1859"]

1. e4 e5 2. Nf3 Nf6 3. d3 Nc6 4. Bg5 Be7 5. Bxf6 Bxf6 6. Nc3 O-O 7. Nd5 d6 8.
Qd2 Bg4 9. Nxf6+ Qxf6 10. c3 Bxf3 11. gxf3 Qxf3 12. Rg1 Ne7 13. Bg2 Qf6 14. d4
exd4 15. cxd4 Ng6 16. Bf1 Rfe8 17. Bd3 Re7 18. Qe3 Rae8 19. O-O-O Qh4 20. d5 Kf8
21. Bb5 Rc8 22. Qxa7 c6 23. e5 Qf4+ 24. Kb1 cxb5 25. Rc1 Qe4+ 26. Ka1 Rxc1+ 27.
Rxc1 Qxd5 28. Qa8+ Re8 29. Rc8 Qxe5 30. Qxb7 Qe1+ 0-1

[Event "Let's Play Chess!"]
[Site "http://www.queenalice.com/game.php?id=844779"]
[Date "2010.10.13"]
[Round "-"]
[White "mapecole"]
[Black "miltonlovisk"]
[Result "0-1"]
[WhiteElo "1357"]
[BlackElo "1824"]

1. e4 e5 2. Nf3 Nc6 3. d4 exd4 4. Nxd4 Qf6 5. c3 Bc5 6. Be3 Nge7 7. h4 Ne5 8.
Bg5 Qg6 9. Nd2 d6 10. f4 Ng4 11. Bb5+ c6 12. f5 Qh5 13. Nxc6 Nxc6 14. b4 Bb6 15.
Qa4 Ne5 16. g3 Bd7 17. f6 Nf3+ 18. Nxf3 Qxf3 19. Rf1 Qxc3+ 20. Ke2 Nd4+ 21. Kf2
Bxb5 22. Rfc1 Qf3+ 23. Kg1 Ne2+ 24. Kh2 Qf2+ 25. Kh1 Nxg3# 0-1

[Event "Let's Play Chess!"]
[Site "http://www.queenalice.com/game.php?id=846493"]
[Date "2010.10.15"]
[Round "-"]
[White "sioux"]
[Black "mapecole"]
[Result "1-0"]
[WhiteElo "1651"]
[BlackElo "1345"]

1. e4 e6 2. Nf3 d5 3. Nc3 Nc6 4. exd5 exd5 5. Qe2+ Be6 6. g3 d4 7. Nb1 Bc5 8. d3
Qd5 9. Bg2 O-O-O 10. O-O Nf6 11. Bg5 h6 12. Bxf6 gxf6 13. c4 Qh5 14. h4 f5 15.
Ne5 Qxe2 16. Nxc6 Qxb2 17. Nc3 dxc3 18. Nxd8 Kxd8 19. Rab1 Qxa2 20. Rxb7 Rg8 21.
Rb8+ 1-0

[Event "Let's Play Chess!"]
[Site "http://www.queenalice.com/game.php?id=850703"]
[Date "2010.10.26"]
[Round "-"]
[White "mapecole"]
[Black "ketchuplover"]
[Result "0-1"]
[WhiteElo "1373"]
[BlackElo "1792"]

1. e4 c5 2. Bc4 e6 3. d4 cxd4 4. Qxd4 Nc6 5. Qc3 Bb4 6. Bd2 Bxc3 7. Bxc3 f6 8.
Nf3 Nge7 9. O-O O-O 10. e5 fxe5 11. Nbd2 d5 12. Bb5 a6 13. Bxc6 bxc6 14. Bxe5
Ng6 15. c4 Nxe5 16. Nxe5 Qd6 17. Rae1 Bd7 18. f4 Rab8 19. Nxd7 Qxd7 20. b3 g5
21. Re5 Rf5 22. g4 Rxe5 23. fxe5 Rf8 24. Rxf8+ Kxf8 25. Nf3 dxc4 26. bxc4 Qd3
27. Nxg5 Qe3+ 28. Kg2 Qxg5 29. Kg3 h5 30. h4 Qxg4+ 0-1

[Event "Let's Play Chess!"]
[Site "http://www.queenalice.com/game.php?id=854117"]
[Date "2010.11.4"]
[Round "-"]
[White "rafaelcanuto"]
[Black "mapecole"]
[Result "1-0"]
[WhiteElo "1500"]
[BlackElo "1350"]

1. e4 e5 2. Qf3 Nc6 3. Bc4 Nf6 4. Nc3 Nd4 5. Qd3 d6 6. Nb5 c5 7. Nxd4 cxd4 8.
Bb5+ Bd7 9. Bxd7+ Qxd7 10. c3 dxc3 11. dxc3 d5 12. exd5 Nxd5 13. a4 f5 14. Qb5
O-O-O 15. Qxd7+ Rxd7 16. Nf3 e4 17. Ne5 Re7 18. Nc4 h6 19. O-O g5 20. Nd6+ Kd7
21. Nxf5 Re5 22. Ne3 Nf4 23. Nc4 Ne2+ 24. Kh1 g4 25. Nxe5+ Ke6 26. Ng6 Rg8 27.
Nh4 Be7 28. g3 Rf8 29. Bxh6 1-0

[Event "Let's Play Chess!"]
[Site "http://www.queenalice.com/game.php?id=856376"]
[Date "2010.11.9"]
[Round "-"]
[White "mapecole"]
[Black "LukeKovacs"]
[Result "1-0"]
[WhiteElo "1355"]
[BlackElo "1411"]

1. e4 e5 2. Nf3 d6 3. c4 Nf6 4. Nc3 Be7 5. d4 exd4 6. Nxd4 O-O 7. Bf4 Na6 8. e5
Ng4 9. f3 Bh4+ 10. g3 h5 11. fxg4 Bxg4 12. Be2 c5 13. gxh4 Qxh4+ 14. Kd2 Bf5 15.
Nxf5 Qxf4+ 16. Ne3 Qd4+ 17. Bd3 Nb4 18. Qe2 f5 19. Ned5 Nxd5 20. Nxd5 f4 21.
Qxh5 f3 22. Ne7# 1-0

[Event "Let's Play Chess!"]
[Site "http://www.queenalice.com/game.php?id=870407"]
[Date "2010.12.10"]
[Round "-"]
[White "mapecole"]
[Black "charles31"]
[Result "0-1"]
[WhiteElo "1371"]
[BlackElo "1738"]

1. e4 e5 2. Nf3 d6 3. Bc4 h6 4. d3 Bg4 5. O-O Nf6 6. Qd2 Bxf3 7. gxf3 Nh5 8. Qb4
a6 9. Qxb7 Nd7 10. b4 Be7 11. a4 Nf4 12. Re1 Bh4 13. Re3 O-O 14. Bxa6 Bxf2+ 15.
Kxf2 Rb8 0-1

[Event "Let's Play Chess!"]
[Site "http://www.queenalice.com/game.php?id=879789"]
[Date "2011.1.2"]
[Round "-"]
[White "igorjava"]
[Black "mapecole"]
[Result "1-0"]
[WhiteElo "1889"]
[BlackElo "1337"]

1. e4 e5 2. f4 Nc6 3. Nf3 Bc5 4. fxe5 f6 5. d4 Bb6 6. exf6 Qxf6 7. e5 Qe6 8. d5
Qf5 9. dxc6 Qe4+ 10. Qe2 Qxc6 11. Nc3 d5 12. Bg5 Bg4 13. O-O-O d4 14. Nb5 a6 15.
Nbxd4 Bxd4 16. Rxd4 h6 17. Bh4 Ne7 18. Bxe7 Kxe7 19. Rxg4 b5 20. Rxg7+ Kd8 21.
g3 Qe8 22. Bh3 Rg8 23. Rd1+ 1-0

[Event "Challenge"]
[Site "http://www.queenalice.com/game.php?id=881341"]
[Date "2011.1.5"]
[Round "-"]
[White "mapecole"]
[Black "jcmlima"]
[Result "0-1"]
[WhiteElo "1340"]
[BlackElo "1677"]

1. Nc3 e5 2. e3 Bb4 3. Ne4 d5 4. a3 dxe4 5. axb4 Nf6 6. c4 c6 7. b5 O-O 8. b4
cxb5 9. cxb5 Bd7 10. d4 exd4 11. exd4 Nd5 12. Ba3 Nc3 13. Qc1 Nxb5 14. Bxb5 Bxb5
15. Qc5 a6 16. f3 Nd7 17. Qd5 Bc6 18. Qa5 Qe7 19. b5 exf3+ 20. Bxe7 fxg2 21. Ke2
gxh1=Q 22. bxc6 Qxh2+ 23. Kd3 Qg3+ 24. Kc4 bxc6 25. d5 Qf4+ 26. Kd3 Qf5+ 27. Kc3
Qe5+ 28. Kb3 Qxe7 29. Re1 Qd6 30. Nf3 Qxd5+ 31. Ka4 Qxf3 0-1

[Event "Let's Play Chess!"]
[Site "http://www.queenalice.com/game.php?id=883632"]
[Date "2011.1.11"]
[Round "-"]
[White "magalhaes_br"]
[Black "mapecole"]
[Result "1-0"]
[WhiteElo "1325"]
[BlackElo "1335"]

1. e4 e5 2. Nf3 f6 3. Nc3 Nc6 4. Bc4 Bc5 5. Qe2 d6 6. Na4 Nb4 7. O-O Bg4 8. h3
Bxf3 9. Qxf3 Nxc2 10. Rb1 Nd4 11. Qh5+ Kd7 12. Nxc5+ dxc5 13. Qf7+ Ne7 14. Qxg7
Rg8 15. Qxh7 Nf3+ 16. Kh1 a5 17. gxf3 Rh8 18. Qg7 Rxh3+ 19. Kg2 Qh8 20. Qg4+ Kd8
21. Rg1 Rh2+ 22. Kf1 a4 23. a3 c6 24. d3 b5 25. Ba2 b4 26. Be3 Ra5 27. Bd2 Rh4
28. Qe6 c4 29. Qxc4 f5 30. Qxb4 Rb5 31. Qxa4 Kd7 32. Bb4 fxe4 33. dxe4 Rh1 34.
Ke2 Rh2 35. Qa7+ Kc8 36. Qxe7 1-0

[Event "Let's Play Chess!"]
[Site "http://www.queenalice.com/game.php?id=894294"]
[Date "2011.2.1"]
[Round "-"]
[White "igorjava"]
[Black "mapecole"]
[Result "1-0"]
[WhiteElo "1912"]
[BlackElo "1319"]

1. e4 e5 2. f4 Bc5 3. Nf3 d6 4. Bc4 exf4 5. d4 Bg4 6. dxc5 dxc5 7. Qxd8+ Kxd8 8.
Bxf4 Nd7 9. Bxf7 Ngf6 10. Nc3 c6 11. O-O-O b5 12. h3 Bxf3 13. gxf3 b4 14. Na4 c4
15. Bxc4 h6 16. Nc5 1-0

[Event "Let's Play Chess!"]
[Site "http://www.queenalice.com/game.php?id=905052"]
[Date "2011.2.24"]
[Round "-"]
[White "souzafel"]
[Black "mapecole"]
[Result "1-0"]
[WhiteElo "1858"]
[BlackElo "1317"]

1. d4 Nf6 2. c4 e6 3. Nc3 d5 4. Nf3 Bb4 5. Bg5 h6 6. Bh4 O-O 7. e3 Qd6 8. Bd3 c5
9. O-O cxd4 10. exd4 Nc6 11. Bxf6 gxf6 12. cxd5 exd5 13. Qd2 Kh8 14. Qxh6+ 1-0